Effectif d'Arsenal saison 2025/2026 - Statistiques

Statistiques générales
  • Ce quiz a été pris 138 fois
  • Le résultat moyen est 17 sur 58
Statistiques - réponses
Hint numéro de maillot Réponse % Correct
Gardien 1 David Raya
89%
Entraîneur Mikel Arteta
89%
Dégenseur 2 William Saliba
89%
Défenseur 6 Gabriel
85%
Attaquant 7 Bukayo Saka
81%
Défenseur 12 Jurrien Timber
75%
Défenseur 33 Riccardi Calafior
74%
Milieu 41 Declan Rice
73%
Milieu 8 Martin Odegaard
73%
Attaquant 11 Gabriel Martinelli
71%
Attaquant 14 Victor Gyokeres
71%
Milieu 36 Martin Zubimend
69%
Défenseur 4 Ben White
65%
Milieu 49 Myles Lewis Skelly
65%
Milieu 23 Mikel Merino
64%
Défenseur 5 Piero Hincapié
63%
Milieu 19 Leandro Trossard
61%
Défenseur 3 Christian Mosquera
58%
Milieu 10 Eberechi Eze
57%
Milieu 29 Kai Havertz
54%
Gardien 13 Kepa Arrizabalaga
51%
Milieu 20 Noni Madueke
49%
Milieu 56 Max Dowman
44%
Milieu 22 Ethan Nwaneri
39%
Milieu 16 Christian Norgaard
38%
Gardien 35 Tommy Setford
14%
Défenseur 89 Marli Salmon
10%
Gardien 78 Jack Porter
6%
Milieu 71 Andre Annous
5%
Gardien 51 Alexei Rojas
3%
Milieu 81 Brando Bailey-Joseph
3%
Milieu 72 Ife Ibrahim
3%
Gardien 93 Jack Talbot
3%
Défenseur 48 Joshua Nichols
3%
Milieu 74 Aleksander Marciniak
2%
Milieu 53 Charles Sagoe Jr
2%
Défenseur 75 Joshua Ogunnaike
2%
Défenseur 92 Joshua Tahou
2%
Défenseur 85 Josiah King
2%
Gardien 79 Khari Ranson
2%
Milieu 38 Louie Copley
2%
Attaquant 80 Louis Zecevic John
2%
Milieu 84 Maalik Hashi
2%
Attaquant 82 Marley Frohock
2%
Attaquant 45 Osman Kamara
2%
Défenseur 77 Samuel Onyekach
2%
Attaquant 40 Sebastian Ferdinand
2%
Défenseur 86 Teshaun Murisa
2%
Milieu 73 Theo Julienne
2%
Défenseur 54 William Sweet
2%
Défenseur 87 Abraham Owusu
1%
Défenseur 42 Cam'ron Ismail
1%
Défenseur 44 Maldini Kacurri
1%
Défenseur 91 Patrick Stachow
1%
Milieu 90 Saurap Sampang
1%
Attaquant 50 Daniel Oyetunde
0%
Milieu 39 Harrison Duzdiak
0%
Défenseur 70 Samuel Chapmar
0%
Aucun quiz correspondant
Distribution des résultats
% des personnes avec chaque résultat
Percentile par nombre de réponses
Votre historique - résultats
Vous n’avez pas pris ce quiz